Hakikat pengabdian

Bibliographic Details
Main Author: As-Syeikh Abdul Qadir Al-Jailani
Other Authors: Muhammad Qadirun Nur
Format: Book
Published: Batu Caves, Selangor : Thinker's Library , 1996
Subjects:

MARC

LEADER 00000cam a2200000 7i4500
001 0000007117
005 20220629.0
020 |a 9676901253 
040 |a INS 
090 0 0 |a BP189   |b A87 1996 
100 0 |a As-Syeikh Abdul Qadir Al-Jailani 
245 1 0 |a Hakikat pengabdian   |c Syeikh Abdul Qadir al-Jailani; alih bahasa Muhammad Qadirun Nur 
260 |a Batu Caves, Selangor :   |b Thinker's Library ,   |c 1996 
300 |a 420 ms. ;   |c 23cm. 
650 0 |a Mysticism   |x Islam 
650 0 |a Sufism 
650 0 0 |a Islam   |x Customs and practices 
650 0 0 |a Islam   |x Doctrines 
650 0 0 |a Religious life   |x Islam 
700 0 |a Muhammad Qadirun Nur 
999 |a 0000007736   |b BOOK   |c Open Shelf   |e Default branch